[Event "NED-chT Promotion Liga 2a"]
[Site "Netherlands"]
[Date "2021.06.05"]
[Round "1.2"]
[White "Kamphuis, Jasper"]
[Black "Henderikse, Bert"]
[Result "1-0"]
[WhiteElo "2023"]
[BlackElo "1901"]
[PlyCount "137"]
[EventDate "2021.06.05"]
[EventType "team-k.o."]
[EventRounds "2"]
[EventCountry "NED"]
[SourceTitle "EXT 2024"]
[Source "ChessBase"]
[SourceDate "2023.10.10"]
[SourceVersion "1"]
[SourceVersionDate "2023.10.10"]
[SourceQuality "1"]
[WhiteTeam "Max Euwe II"]
[BlackTeam "Souburg"]
[WhiteTeamCountry "NED"]
[BlackTeamCountry "NED"]

1. e4 c6 2. d4 d5 3. e5 c5 4. c3 Nc6 5. Nf3 Bg4 6. Be2 e6 7. Nbd2 cxd4 8. Nxd4 Bxe2 9. Qxe2 Nxd4 10. cxd4 Ne7 11. 0-0 Nf5 12. Nf3 Be7 13. g4 Nh4 14. Nxh4 Bxh4 15. f4 Be7 16. f5 0-0 17. Be3 Rc8 18. Rf3 Rc4 19. Raf1 Qc8 20. Qd3 f6 21. exf6 gxf6 22. Kh1 exf5 23. Rxf5 Qe6 24. b3 Rc6 25. Re1 Bb4 26. Bd2 Qd6 27. Rh5 Rc7 28. Bxb4 Qxb4 29. Re2 Qd6 30. Qf5 Qd7 31. Qxd5+ Qxd5+ 32. Rxd5 Rg7 33. h3 Rg5 34. Rd7 Rf7 35. Ree7 Rxe7 36. Rxe7 h5 37. gxh5 Rxh5 38. Kg2 Ra5 39. Rxb7 Rxa2+ 40. Kf3 a5 41. Rb5 Ra3 42. Kg4 a4 43. bxa4 Rxa4 44. Rd5 Ra1 45. Kf5 Kf7 46. Rd7+ Ke8 47. Rh7 Rd1 48. Ke6 Kd8 49. d5 f5 50. Kd6 Ke8 51. Re7+ Kf8 52. Re5 Rf1 53. Ke6 f4 54. Rf5+ Ke8 55. h4 f3 56. d6 Re1+ 57. Kf6 Rd1 58. Rxf3 Rxd6+ 59. Kg7 Rd7+ 60. Kg8 Rd4 61. Re3+ Kd7 62. h5 Rh4 63. Re5 Kd6 64. Rg5 Ke7 65. Kg7 Ke6 66. h6 Rd4 67. h7 Rd7+ 68. Kg6 Rd8 69. Rh5 1-0